000 00763nam a2200289Ia 4500
005 20260324115704.0
008 008 260324s9999 xx 000 0 eng d
020 _a9781315144436
037 _aEBOOK
040 _aCRL
040 _beng
040 _cCRL
041 _2eng
041 _aeng
084 _qCRL
100 _aBruce Oliver Newsome; James W. Stewart
_91155638
245 0 _aCountering New(est) Terrorism
245 0 _bHostage-Taking, Kidnapping, and Active Violence — Assessing, Negotiating, and Assaulting
260 _bTaylor and Francis
260 _c2017
365 _a
365 _b230
856 _uhttp://www.taylorfrancis.com/books/9781315144436
942 _cEBOOK
999 _c1746691
_d1746691